000 02131cam a2200301 a 4500
005 20260205172509.0
008 181130s2018 ck b gr 000 0dspa
015 _ack-2018-xxxx
020 _a978-958-774-748-5
040 _aCO-CtgCURN
_bspa
_ccoctgcurn
082 0 4 _a658.4083
_bR696
_223
245 0 0 _aGobernanza y gerencia del desarrollo sostenible /
_cManuel Rodríguez Becerra y María Alejandra Vélez (edición académica y compilación).
250 _apirmera edición.
260 _aBogotá :
_bUniversidad de los Andes,
_c2018.
300 _axxii, 556 páginas. :
_bmapas byn ;
_c23 cm.
500 _aIncluye datos biográficos de los editores.
504 _aIncluye referencias bibliográficas al final de cada capítulo.
520 8 _a"La concepción del desarrollo sostenible se origina a raíz de la crisis social y ambiental del modelo económico basado exclusivamente en la idea de crecimiento. De hecho, se podra afirmar que el concepto mismo surge como respuesta a las consecuencias sociales y ambientales del crecimiento exponencial de la población y de la economía, que se vienen dando desde principios de la década de 1950 (Sachs, 2015). La posguerra produjo la Gran Aceleración que, según Steffen y colaboradores (2015), se caracterizó por un crecimiento poblacional y económico sin precedentes, que se dio tanto en las economías de mercado (Europa Occidental, Estados Unidos y una parte de los países en desarrollo), como en las economías centralmente planificadas (en particular en la Unión Soviética y los países de Europa Oriental)"
596 _a7
650 1 4 _aResponsabilidad por el medio ambiente
_xAdministración.
650 2 4 _aResponsabilidad social de los negocios.
650 2 4 _aDesarrollo sostenible.
700 1 _aRodríguez Becerra, Manuel,
_eeditor.
_4ed
700 1 _aVélez, María Alejandra,
_eeditor.
_4ed
856 7 _uhttps://unicurn.sharepoint.com/:b:/s/biblioteca/IQAASvJgI6GMR6qLIeWlU0_dAbrOl7UW8Qv8U6x95UCSU9c?e=uC0Bmc
_2Clic aqui para ver el texto completo
942 _cBK
_h658.4083
_iR696
999 _c50290
_d50290